Statistics for Guess 8 hungarian footballers by image

Click here to take the quiz!

General Stats

  • This quiz has been taken 61 times
  • The average score is 5 of 8

Answer Stats

Answer% Correct
Ferenc Puskás
100%
Dominik Szoboszlai
86%
Peter Gulacsi
81%
Willi Orban
79%
László Kubala
52%
Sándor Kocsis
50%
Florian Albert
38%
Nandor Hidegkuti
31%

Score Distribution

Percentile by Number Answered

Percent of People with Each Score

Your Score History

You have not taken this quiz